| 000 | 01078nac a22003011i 4500 | ||
|---|---|---|---|
| 003 | EG-ScBUE | ||
| 005 | 20240310114004.0 | ||
| 008 | 100922s1992 enk f b 001 0 eng d | ||
| 020 | _a0415081688 | ||
| 020 | _a9780415081689 | ||
| 040 |
_aEG-ScBUE _beng _erda _cEG-ScBUE _dEG-ScBUE |
||
| 043 | _ae-uk--- | ||
| 082 | 0 | 4 |
_a941.073 _bENC _222 |
| 245 | 0 | 0 |
_aEncyclopedia of romanticism : _bculture in Britain, 1780s-1830s / _cLaura Dabundo, editor [and three others] |
| 264 | 1 |
_aLondon : _bRoutledge, _c1992. |
|
| 300 |
_axviii, 662 pages ; _c27 cm. |
||
| 336 |
_2rdacontent _atext _btxt |
||
| 337 |
_aunmediated _2rdamedia _bn |
||
| 338 |
_avolume _bnc _2rdacarrier |
||
| 490 | 0 | _aRoutledge reference | |
| 504 | _aIncludes bibliographical references and index. | ||
| 650 | 7 |
_aRomanticism _zGreat Britain _vEncyclopedias. _2BUEsh _919777 |
|
| 651 | 7 |
_aGreat Britain _xCivilization _y19th century. _2BUEsh _919778 |
|
| 651 | 7 |
_919779 _aGreat Britain _xCivilization _y18th century. _2BUEsh |
|
| 655 | _vReading book | ||
| 700 | 1 |
_aDabundo, Laura, _eeditor. _919780 |
|
| 942 |
_cREFERENCE _2ddc |
||
| 999 |
_c6183 _d6183 |
||